000 00938cam a22003131a 4500
001 8373539
003 ARRUPE
005 20131204135156.0
008 750912s1950 enk 000 0aeng
010 _a 52001287
015 _aGB50-10313
035 _a(OCoLC)1621533
040 _aDLC
_cNmLcU
_dOCoLC
_dUk
_dTxU-Hu
_dDLC
041 1 _aeng
_hfre
042 _apremarc
050 0 0 _aPQ2613.I2
_bZ52 1950
082 _a928.4
100 1 _aGide, André,
_d1869-1951.
_95118
240 1 0 _aSi le grain ne meurt.
_lEnglish
245 1 0 _aIf it die-- /
_cAndré Gide ; translated by Dorothy Bussy.
260 _aLondon :
_bSecker & Warburg,
_c1950.
300 _a301 p. ;
_c24 cm.
500 _aAutobiographical.
500 _aTranslation of: Si le grain ne meurt.
600 1 0 _aGide, André,
_d1869-1951.
_95119
700 1 _aBussy, Dorothy.
_95120
906 _a7
_bcbc
_coclcrpl
_du
_encip
_f19
_gy-gencatlg
942 _2lcc
_cMONOGRAPH
999 _c119072
_d119072